[Event "Zadar B Open 2016"]
[Site "Zadar"]
[Date "2016.12.17"]
[Round "9.8"]
[White "Elishev, Ivan"]
[Black "Kejzar, Petra"]
[Result "1-0"]
[WhiteElo "2122"]
[BlackElo "2009"]
[PlyCount "91"]
[EventDate "2016.12.11"]
[EventCountry "CRO"]

1. e4 c5 2. Nf3 e6 3. g3 Nc6 4. Bg2 g6 5. d4 cxd4 6. Nxd4 a6 7. b3 Nxd4 8. Qxd4
Qf6 9. e5 Qd8 10. Nd2 Ne7 11. Ne4 Nf5 12. Qd2 Bg7 13. Bb2 d5 14. Nf6+ Bxf6 15.
exf6 h5 16. O-O-O a5 17. Rhe1 Kf8 18. c4 a4 19. Qb4+ Kg8 20. cxd5 Kh7 21. Kb1
axb3 22. dxe6 Qc7 23. Rc1 Qd6 24. Qxd6 Nxd6 25. Rc7 bxa2+ 26. Ka1 Re8 27. Bd5
Ra5 28. Bb3 g5 29. Rd1 Bxe6 30. Bc2+ Nf5 31. Rxb7 Rc8 32. Be4 Rac5 33. Rb6 Kh6
34. Rxe6 fxe6 35. Kxa2 Ra5+ 36. Kb1 Rb8 37. Rd2 Rab5 38. Kc1 Rb4 39. Bb1 g4 40.
Ba2 Re4 41. Kd1 h4 42. Bc3 hxg3 43. hxg3 Rb6 44. Kc2 Rd6 45. f7 Rxd2+ 46. Kxd2
1-0

[Event "Zadar B Open 2016"]
[Site "Zadar"]
[Date "2016.12.17"]
[Round "9.10"]
[White "Totic, Zeljko"]
[Black "Yordanov, Nikolay"]
[Result "0-1"]
[WhiteElo "1962"]
[BlackElo "2146"]
[PlyCount "86"]
[EventDate "2016.12.11"]
[EventCountry "CRO"]

1. Nf3 d5 2. d4 Bf5 3. e3 e6 4. Bd3 Bxd3 5. Qxd3 a6 6. a4 Nf6 7. O-O c5 8. c4
Nc6 9. cxd5 Nb4 10. Qb3 Qxd5 11. Qxd5 Nbxd5 12. Bd2 cxd4 13. Nxd4 Ne4 14. Rd1
Rd8 15. Be1 Bc5 16. Nb3 Ba7 17. N1d2 Nxd2 18. Rxd2 Ke7 19. Rad1 f5 20. g3 Rc8
21. Rd3 Rc4 22. Nd4 Bxd4 23. Rxd4 Rhc8 24. Rxc4 Rxc4 25. a5 Rc2 26. Rb1 Kd6 27.
Bc3 g5 28. Bd4 e5 29. Ba7 g4 30. Kg2 Ke6 31. Kf1 Nf6 32. b4 Ne4 33. Kg1 Nxf2
34. b5 Nh3+ 35. Kf1 Rxh2 36. Rb3 Ra2 37. bxa6 bxa6 38. Rb6+ Kd5 39. Rxa6 Ke4
40. Bb6 Kf3 41. Ke1 Nf2 42. e4 Re2+ 43. Kf1 Nxe4 0-1

[Event "Zadar B Open 2016"]
[Site "Zadar"]
[Date "2016.12.17"]
[Round "9.11"]
[White "Komljenovic, Tihomir"]
[Black "Tomas, Ante"]
[Result "1/2-1/2"]
[WhiteElo "2073"]
[BlackElo "2107"]
[PlyCount "34"]
[EventDate "2016.12.11"]
[EventCountry "CRO"]

1. e4 Nf6 2. e5 Nd5 3. d4 d6 4. c4 Nb6 5. exd6 exd6 6. h3 Bf5 7. Nf3 Be7 8. Be2
O-O 9. O-O Bf6 10. Nc3 Nc6 11. b3 Ne7 12. Bf4 Ng6 13. Bg3 Re8 14. Rc1 c6 15.
Bd3 Bxd3 16. Qxd3 d5 17. Rfe1 Qd7 1/2-1/2

[Event "Zadar B Open 2016"]
[Site "Zadar"]
[Date "2016.12.17"]
[Round "9.12"]
[White "Mandaric, Ante"]
[Black "Luetic, Ante"]
[Result "1/2-1/2"]
[WhiteElo "2087"]
[BlackElo "2085"]
[PlyCount "20"]
[EventDate "2016.12.11"]
[EventCountry "CRO"]

1. b3 e5 2. Bb2 Nc6 3. e3 Nf6 4. Bb5 d6 5. h3 Be7 6. Ne2 O-O 7. O-O Ne8 8. f4
Bf6 9. Bxc6 bxc6 10. fxe5 Bxe5 1/2-1/2

[Event "Zadar B Open 2016"]
[Site "Zadar"]
[Date "2016.12.17"]
[Round "9.13"]
[White "Valette, Christian"]
[Black "Buhin, Denis"]
[Result "1/2-1/2"]
[WhiteElo "2084"]
[BlackElo "1967"]
[PlyCount "113"]
[EventDate "2016.12.11"]
[EventCountry "CRO"]

1. d4 c5 2. e3 Nf6 3. Bd3 d5 4. c3 g6 5. Nf3 Nbd7 6. Nbd2 Bg7 7. O-O O-O 8. Re1
Qc7 9. e4 dxe4 10. Nxe4 Nxe4 11. Bxe4 Nf6 12. Bc2 Bg4 13. dxc5 Qxc5 14. h3 Bd7
15. Re5 Qd6 16. Qxd6 exd6 17. Re1 Bc6 18. Nd4 Rfe8 19. Bf4 Rxe1+ 20. Rxe1 Bf8
21. Nxc6 bxc6 22. Rd1 Rd8 23. Ba4 c5 24. c4 Nh5 25. Be3 Rb8 26. b3 Ng7 27. Bd7
Ne6 28. f4 Be7 29. g4 Rd8 30. Bc6 Bf6 31. Kf2 Bd4 32. Bxd4 Nxd4 33. Ba4 Rb8 34.
g5 Rb7 35. Re1 Kg7 36. Re8 Nf5 37. Kf3 Re7 38. Rxe7 Nxe7 39. Ke4 a5 40. Bd7 f6
41. h4 h6 42. Be6 fxg5 43. fxg5 hxg5 44. hxg5 Kf8 45. Kd3 Ke8 46. Kc3 Kd8 47.
Bf7 Kc7 48. a3 Kb6 49. b4 cxb4+ 50. axb4 axb4+ 51. Kxb4 Nc6+ 52. Kc3 Ne5 53.
Be8 Kc5 54. Kb3 Nf3 55. Bxg6 Nxg5 56. Bd3 Nf3 57. Kc3 1/2-1/2

[Event "Zadar B Open 2016"]
[Site "Zadar"]
[Date "2016.12.17"]
[Round "9.14"]
[White "Miskovic, Bozo"]
[Black "Gujic, Vladimir"]
[Result "1/2-1/2"]
[WhiteElo "1997"]
[BlackElo "2059"]
[PlyCount "22"]
[EventDate "2016.12.11"]
[EventCountry "CRO"]

1. e4 c6 2. d4 d5 3. exd5 cxd5 4. Bd3 Nc6 5. c3 Nf6 6. f4 g6 7. Nf3 Bg7 8. O-O
O-O 9. Nbd2 Bf5 10. Bxf5 gxf5 11. Nh4 e6 1/2-1/2

[Event "Zadar B Open 2016"]
[Site "Zadar"]
[Date "2016.12.17"]
[Round "9.15"]
[White "Trippold, Denise"]
[Black "Salvaing, Jean-Louis"]
[Result "1-0"]
[WhiteElo "2057"]
[BlackElo "1991"]
[PlyCount "71"]
[EventDate "2016.12.11"]
[EventCountry "CRO"]

1. d4 Nf6 2. c4 g6 3. Nc3 Bg7 4. e4 d6 5. h3 O-O 6. Nf3 Nbd7 7. Be3 e5 8. d5
Ne8 9. g4 a5 10. Nd2 Nc5 11. h4 f5 12. gxf5 gxf5 13. Qe2 f4 14. Bxc5 dxc5 15.
Bh3 Bxh3 16. Rxh3 Qd7 17. Rh1 Nd6 18. Nf3 h6 19. O-O-O Kh7 20. Rdg1 Qe8 21. Rg2
Rd8 22. Rhg1 Rd7 23. b3 Kh8 24. Rg6 Rf6 25. h5 Rxg6 26. Rxg6 Nf7 27. Nb5 Kh7
28. Nh4 Nh8 29. Re6 Qd8 30. Qg4 Rf7 31. Nf5 Bf6 32. d6 cxd6 33. Nbxd6 Rf8 34.
Re7+ Qxe7 35. Nxe7 Bxe7 36. Qd7 1-0

[Event "Zadar B Open 2016"]
[Site "Zadar"]
[Date "2016.12.17"]
[Round "9.17"]
[White "Zezelj, Vladislav"]
[Black "Dzaja, Martin Zorislav"]
[Result "1/2-1/2"]
[WhiteElo "2023"]
[BlackElo "1914"]
[PlyCount "108"]
[EventDate "2016.12.11"]
[EventCountry "CRO"]

1. d4 Nf6 2. c4 g6 3. Nc3 Bg7 4. e4 d6 5. f3 O-O 6. Be3 Nc6 7. Qd2 a6 8. Nge2
Rb8 9. d5 Ne5 10. Nd4 c5 11. Nc2 e6 12. Be2 exd5 13. exd5 Bd7 14. a4 Re8 15.
O-O Bf5 16. Bg5 h6 17. Bh4 g5 18. Ne3 Bg6 19. Bf2 Nh5 20. g3 f5 21. Ng2 f4 22.
Kh1 fxg3 23. hxg3 Rf8 24. f4 gxf4 25. gxf4 Qd7 26. Kg1 Ng4 27. Qd1 Nxf2 28.
Rxf2 Qh3 29. Bg4 Qg3 30. Be6+ Bf7 31. Ne2 Qg6 32. f5 Qg5 33. Qc1 Qxc1+ 34. Rxc1
Bxb2 35. Rb1 Be5 36. Rf3 Kg7 37. Kf2 Nf6 38. Nef4 Ne4+ 39. Ke3 Nc3 40. Rh1 Nxa4
41. Rfh3 Rh8 42. Bxf7 Kxf7 43. Rxh6 Rxh6 44. Rxh6 Nb2 45. Rh7+ Kg8 46. Rh6
Nxc4+ 47. Ke4 Kg7 48. Re6 b5 49. f6+ Kf7 50. Kf5 Re8 51. Nh3 b4 52. Ng5+ Kf8
53. Nh7+ Kf7 54. Ng5+ Kf8 1/2-1/2

[Event "Zadar B Open 2016"]
[Site "Zadar"]
[Date "2016.12.17"]
[Round "9.19"]
[White "Peric, Davor"]
[Black "Spiranec, Noemi"]
[Result "0-1"]
[WhiteElo "1809"]
[BlackElo "1999"]
[PlyCount "90"]
[EventDate "2016.12.11"]
[EventCountry "CRO"]

1. d4 Nf6 2. c4 e6 3. Nf3 c5 4. d5 exd5 5. cxd5 d6 6. Nc3 g6 7. g3 Bg7 8. Bg2
O-O 9. O-O a6 10. a4 Re8 11. Nd2 Nbd7 12. h3 Rb8 13. Nc4 Ne5 14. Na3 Qc7 15.
Re1 b6 16. e4 Bb7 17. f4 Ned7 18. Be3 Kh8 19. Qd3 Ng8 20. Bf2 Nh6 21. g4 f6 22.
Rad1 Nf7 23. h4 Bc8 24. Bf3 Nf8 25. Nc2 Bd7 26. Ne3 b5 27. axb5 axb5 28. g5
fxg5 29. hxg5 b4 30. Ne2 Bxb2 31. Kg2 Qc8 32. Rh1 Bg7 33. Rh4 Qb7 34. Ng4 Qb5
35. Qb1 Bxg4 36. Bxg4 b3 37. Rdh1 Kg8 38. e5 dxe5 39. Rxh7 Nxh7 40. Qxg6 Nf8
41. Qh5 Qd3 42. Be6 Rxe6 43. dxe6 Qd5+ 44. Kf1 Qxe6 45. Bxc5 b2 0-1

[Event "Zadar B Open 2016"]
[Site "Zadar"]
[Date "2016.12.17"]
[Round "9.20"]
[White "Slamar, Velimir"]
[Black "Kolanovic, Kazimir"]
[Result "1-0"]
[WhiteElo "2150"]
[BlackElo "1879"]
[PlyCount "47"]
[EventDate "2016.12.11"]
[EventCountry "CRO"]

1. d4 Nf6 2. Nf3 g6 3. c4 Bg7 4. Nc3 d5 5. cxd5 Nxd5 6. e4 Nxc3 7. bxc3 c5 8.
Be3 O-O 9. Qd2 Re8 10. Be2 Nc6 11. Rb1 Qc7 12. O-O Rd8 13. Qc1 Na5 14. dxc5 e5
15. Rd1 Be6 16. Rxd8+ Rxd8 17. Qa3 f5 18. Ng5 Bd7 19. exf5 gxf5 20. c6 bxc6 21.
Qe7 Qc8 22. Qf7+ Kh8 23. Qh5 h6 24. Nf7+ 1-0